Entry Personal Name
Number of records used in: 1
001 - CONTROL NUMBER
003 - CONTROL NUMBER IDENTIFIER
005 - DATE AND TIME OF LATEST TRANSACTION
- control field:
20210720121358.0
008 - FIXED-LENGTH DATA ELEMENTS
- fixed length control field:
830721n| azannaabn |n aaa
010 ## - LIBRARY OF CONGRESS CONTROL NUMBER
- LC control number:
n 83139543
035 ## - SYSTEM CONTROL NUMBER
- System control number:
(OCoLC)oca00970253
040 ## - CATALOGING SOURCE
- Original cataloging agency:
DLC
- Language of cataloging:
eng
- Transcribing agency:
DLC
- Modifying agency:
DLC
- Description conventions:
rda
- Modifying agency:
DNLM
046 ## - SPECIAL CODED DATES
100 1# - HEADING--PERSONAL NAME
- Personal name:
Kalat, James W.
670 ## - SOURCE DATA FOUND
- Source citation:
His Biological psychology, c1984:
- Information found:
CIP t.p. (James W. Kalat, North Carolina State Univ.)
670 ## - SOURCE DATA FOUND
- Source citation:
LC data base, 7/18/83
- Information found:
(hdg.: Kalat, James W.)
670 ## - SOURCE DATA FOUND
- Source citation:
His Introduction to psychology, c1986:
- Information found:
CIP t.p. (James W. Kalat) data sheet (b. 1946)
670 ## - SOURCE DATA FOUND
- Source citation:
Foundations of experimental psychology. 1972
670 ## - SOURCE DATA FOUND
- Source citation:
His Biological psychology, c1992:
- Information found:
CIP t.p. (James W. Kalat, N.C. State Univ.) galley (b. 1946, Ph.D.)